[Event "Baku Open 2016"]
[Site "Baku AZE"]
[Date "2016.09.21"]
[Round "4.10"]
[White "Vokhidov, Shamsiddin"]
[Black "Mammadov, Zaur"]
[Result "0-1"]
[WhiteTitle "IM"]
[BlackTitle "GM"]
[WhiteElo "2364"]
[BlackElo "2437"]
[WhiteFideId "14204223"]
[BlackFideId "13401033"]
[EventDate "2016.09.18"]

1. e4 c6 2. d4 d5 3. e5 c5 4. dxc5 Nc6 5. Nf3 e6 6. Bd3 Nge7 7. Bf4 Ng6 8. Bg3
Bxc5 9. O-O Qb6 10. Nc3 Be7 11. a3 Bd7 12. h4 Rc8 13. h5 Nf8 14. Rb1 Na5 15. Bh4
Bxh4 16. Nxh4 Nc4 17. Qg4 Rg8 18. h6 Ng6 19. Bxg6 hxg6 20. hxg7 Nd2 21. Nf3 Nxb1
22. Nxb1 Bb5 23. Re1 Rxc2 24. Qh4 g5 25. Nxg5 Rxg7 26. Re3 Kd7 27. Kh2 Bf1 28.
Nc3 Qxe3 29. Qa4+ b5 0-1

[Event "Baku Open 2016"]
[Site "Baku AZE"]
[Date "2016.09.21"]
[Round "4.11"]
[White "Amin, Bassem"]
[Black "Mamedjarova, Zeinab"]
[Result "1/2-1/2"]
[WhiteTitle "GM"]
[BlackTitle "WGM"]
[WhiteElo "2661"]
[BlackElo "2295"]
[WhiteFideId "10601457"]
[BlackFideId "13401521"]
[EventDate "2016.09.18"]

1. Nf3 d5 2. g3 Nf6 3. Bg2 e6 4. O-O Be7 5. d3 O-O 6. Nbd2 c5 7. e4 Nc6 8. Re1
b6 9. e5 Nd7 10. Nf1 Qc7 11. Bf4 Re8 12. h4 Bb7 13. c3 d4 14. c4 b5 15. b3 bxc4
16. bxc4 a5 17. N1h2 a4 18. a3 Reb8 19. Ng5 Bxg5 20. hxg5 Ne7 21. Re4 Ng6 22.
Qh5 Ra6 23. Ng4 Bxe4 24. Bxe4 Rab6 25. Nf6+ Nxf6 26. exf6 Rb1+ 27. Kh2 e5 28.
Rxb1 Rxb1 29. Bd2 Ra1 30. Qf3 Rb1 31. Bd5 Rb2 32. Be1 Rb1 33. Ba5 Qa7 34. fxg7
Rb8 35. Qf6 Qe7 36. Qc6 Kxg7 37. Bb6 Qxg5 38. Qc7 Rxb6 39. Qxb6 Qf6 40. Qxf6+
Kxf6 41. Bc6 Ke7 42. Kg2 f5 43. f3 h5 44. Bxa4 h4 45. gxh4 Nxh4+ 46. Kf2 Ng6 47.
Ke2 Kd6 48. Be8 Ne7 49. Kf2 Ke6 50. Kg3 Kd6 51. Bf7 Nc6 52. Bg8 Na5 53. Bh7 Ke6
54. Bg8+ Kd6 55. Bh7 Ke6 56. Bg8+ Kd6 57. Kf2 Nb3 58. Ke2 Na5 59. Bd5 Nb3 60.
Bb7 Kc7 61. Ba6 Na5 62. Bb5 Kd6 63. Ba6 Nc6 64. Bb7 Ne7 65. Kf2 Kc7 66. Ba6 Ng6
67. Ke2 Nf4+ 68. Kd2 Nh3 69. Ke2 1/2-1/2

[Event "Baku Open 2016"]
[Site "Baku AZE"]
[Date "2016.09.21"]
[Round "4.12"]
[White "Alavi, Sayed Javad"]
[Black "Idrisov, Tabriz"]
[Result "0-1"]
[WhiteTitle "IM"]
[WhiteElo "2453"]
[BlackElo "2289"]
[WhiteFideId "12500607"]
[BlackFideId "13402870"]
[EventDate "2016.09.18"]

1. e4 c5 2. Nf3 d6 3. d4 cxd4 4. Nxd4 Nf6 5. Nc3 a6 6. Be3 e5 7. Nb3 Be6 8. f3
Nbd7 9. Qd2 Rc8 10. g4 Qc7 11. g5 Nh5 12. O-O-O Be7 13. Kb1 Nb6 14. Na5 O-O 15.
Qf2 Na4 16. Nxa4 Qxa5 17. b3 b5 18. Nb6 Rc6 19. Nd5 Bxd5 20. exd5 Rc3 21. Rd3
Nf4 22. Rxc3 Qxc3 23. Qd2 Nxd5 24. Bd3 Qc6 25. Kb2 Nxe3 26. Qxe3 g6 27. Rd1 d5
28. Qxe5 Re8 29. Kb1 Bf8 30. Qf4 Bg7 31. Qd2 Bc3 32. Qf4 Qc5 33. Bf1 Re3 34. b4
Bxb4 0-1

[Event "Baku Open 2016"]
[Site "Baku AZE"]
[Date "2016.09.21"]
[Round "4.13"]
[White "Kazimova, Narmin"]
[Black "Bashirli, Nail"]
[Result "1-0"]
[WhiteTitle "WGM"]
[BlackTitle "FM"]
[WhiteElo "2302"]
[BlackElo "2387"]
[WhiteFideId "13402951"]
[BlackFideId "13406809"]
[EventDate "2016.09.18"]

1. c4 Nf6 2. Nc3 c5 3. Nf3 b6 4. e3 Bb7 5. d4 g6 6. Bd3 Bg7 7. O-O O-O 8. d5 d6
9. Rb1 Na6 10. a3 Nc7 11. e4 e6 12. b4 cxb4 13. axb4 b5 14. dxe6 fxe6 15. cxb5
d5 16. e5 Ne4 17. Ne2 d4 18. Nfxd4 Nc3 19. Nxc3 Qxd4 20. Be4 Qxc3 21. Bxb7 Rad8
22. Qe2 Nd5 23. Bg5 Nf4 24. Qe4 Rd4 25. Qc6 Rc4 26. Qa6 Ne2+ 27. Kh1 Qxe5 28. b6
Rg4 29. f4 Nxf4 30. Bxf4 Rgxf4 31. Rxf4 Qxf4 32. bxa7 1-0

[Event "Baku Open 2016"]
[Site "Baku AZE"]
[Date "2016.09.21"]
[Round "4.14"]
[White "Abdulov, Orkhan"]
[Black "Soozankar, A.M."]
[Result "1-0"]
[WhiteTitle "IM"]
[BlackTitle "FM"]
[WhiteElo "2372"]
[BlackElo "2329"]
[WhiteFideId "13402714"]
[BlackFideId "12503029"]
[EventDate "2016.09.18"]

1. c4 e5 2. Nc3 Nc6 3. g3 d6 4. Bg2 Be6 5. d3 Qd7 6. f4 exf4 7. Bxf4 Nge7 8. Qb3
Nd8 9. Nf3 g6 10. Ne4 Bg7 11. Bh6 O-O 12. Bxg7 Kxg7 13. Nf6 Qc8 14. Qc3 Kh6 15.
h3 1-0

[Event "Baku Open 2016"]
[Site "Baku AZE"]
[Date "2016.09.21"]
[Round "4.15"]
[White "Bayramov, Elvin"]
[Black "Pirverdiyev, Agil"]
[Result "1-0"]
[WhiteElo "2263"]
[BlackElo "2343"]
[WhiteFideId "13406655"]
[BlackFideId "13400568"]
[EventDate "2016.09.18"]

1. e4 e5 2. Nc3 Nf6 3. Bc4 Nc6 4. d3 Na5 5. Nf3 Nxc4 6. dxc4 Bb4 7. Qd3 d6 8.
Bg5 O-O 9. O-O Bxc3 10. Qxc3 b6 11. Nd2 h6 12. Bh4 g5 13. Bg3 Nh5 14. Qf3 Ng7
15. Qd3 f5 16. f3 Be6 17. exf5 Bxf5 18. Ne4 Qe8 19. Rfe1 Qf7 20. a4 Rad8 21. a5
b5 22. Qe3 bxc4 23. Qxa7 Rb8 24. b4 Rxb4 25. Reb1 Rxb1+ 26. Rxb1 Ne6 27. Rb8
Bxe4 28. Rxf8+ Qxf8 29. fxe4 Nd4 30. Bf2 Qf4 31. Qb8+ Kf7 32. Qxc7+ Kg6 33.
Qxd6+ Kh5 34. Qa3 c3 35. a6 Ne2+ 36. Kf1 Qxe4 37. Qf8 g4 38. Qf7+ Kg5 39. Qe7+
Kg6 40. Qd6+ Kf7 41. Qd7+ Kf6 42. Bh4+ Kg6 43. Qe8+ Kg7 44. Qe7+ Kg6 45. Qf6+
Kh5 46. Bf2 Nc1 47. Qf7+ Kg5 48. h4+ gxh3 49. Qg7+ Kh5 50. g4+ 1-0

[Event "Baku Open 2016"]
[Site "Baku AZE"]
[Date "2016.09.21"]
[Round "4.16"]
[White "Rayes, Abdul Kader"]
[Black "Sindarov, Javokhir"]
[Result "0-1"]
[BlackTitle "CM"]
[WhiteElo "2254"]
[BlackElo "2415"]
[WhiteFideId "7600801"]
[BlackFideId "14205483"]
[EventDate "2016.09.18"]

1. Nf3 Nf6 2. g3 g6 3. c4 Bg7 4. Bg2 O-O 5. O-O d6 6. Nc3 c6 7. d3 e5 8. Rb1 a5
9. a3 Bf5 10. b4 axb4 11. axb4 d5 12. Nd2 Qd6 13. Qb3 Be6 14. b5 Nbd7 15. Na4
Rfc8 16. Ba3 Qc7 17. b6 Qd8 18. c5 Ra6 19. Bb4 Rca8 20. Nb2 Bf8 21. Rbc1 Nxb6
22. d4 e4 23. e3 Nbd7 24. Bc3 b6 25. cxb6 Rxb6 26. Qc2 Rba6 27. Rb1 h5 28. h3
Bd6 29. Rfc1 Ra2 30. Qd1 Nf8 31. Qe1 Qd7 32. h4 N8h7 33. Nd1 g5 34. hxg5 Nxg5
35. Ra1 Bg4 36. Rxa2 Rxa2 37. Ra1 Rxd2 38. Ra8+ Kg7 39. Bxd2 Nf3+ 40. Bxf3 Bxf3
41. Qf1 Qg4 42. Be1 h4 43. Qa6 Qh3 0-1

[Event "Baku Open 2016"]
[Site "Baku AZE"]
[Date "2016.09.21"]
[Round "4.17"]
[White "Miroshnichenko, Pavel"]
[Black "Naghdiyev, Niyazi"]
[Result "1/2-1/2"]
[BlackTitle "FM"]
[WhiteElo "2281"]
[BlackElo "2366"]
[WhiteFideId "4188659"]
[BlackFideId "13405519"]
[EventDate "2016.09.18"]

1. d4 d5 2. Nf3 Nf6 3. g3 g6 4. Bg2 Bg7 5. O-O O-O 6. c4 c6 7. Qb3 dxc4 8. Qxc4
Qb6 9. Nc3 Bf5 10. Rd1 Ne4 11. Na4 Qa5 12. Qb3 Na6 13. Nc3 Qb6 14. Nh4 Qxb3 15.
axb3 Nxc3 16. bxc3 Be6 17. Bg5 f6 18. Bd2 g5 19. Nf3 Rfd8 20. e3 Bd5 21. e4 Bxe4
22. Re1 Bf5 23. Rxe7 Rd7 24. Rae1 Bf8 25. R7e2 Nc7 26. c4 g4 27. Nh4 Bc2 28. Bf4
Bg6 29. h3 Bb4 30. Rd1 Re8 31. Rxe8+ Bxe8 32. hxg4 Ne6 33. Be3 a6 34. Be4 Bf7
35. Nf5 Bg6 36. Kg2 Ng7 37. d5 Nxf5 38. gxf5 Be8 39. Bd4 Re7 40. Bf3 Kg7 41. g4
h6 42. Be3 cxd5 43. Bxd5 b5 44. Rh1 h5 45. cxb5 axb5 46. gxh5 Re5 47. h6+ Kh8
48. Bf3 Bc5 49. Bxc5 Rxc5 50. Re1 Bf7 51. b4 Rc4 52. Re7 Bg8 53. Kg3 Rxb4 54.
Bh5 Rd4 55. Re8 Rd7 56. Bg6 b4 57. h7 Rxh7 58. Bxh7 Kxh7 59. Kf4 b3 60. Re7+ Kh6
61. Rb7 Bd5 62. Rb5 Bc4 63. Rb4 Bd5 64. Rb6 Kg7 65. Ke3 Bg8 66. Ke4 Bc4 67. Kd4
Bg8 68. Kc5 Bh7 69. Kd6 Bxf5 70. Rxb3 Kf7 71. Rb7+ Kf8 72. Ra7 Bh3 73. Kd5 Bf5
74. Kd4 Be6 75. Ke4 Ke8 76. Kf4 Kf8 77. Kg3 Bf7 78. Kf4 Be6 79. Kg3 Bf7 80. Rc7
Bg6 81. Kg4 Kg8 82. Kf4 Kf8 83. Ke3 Bf7 84. Kd4 Be6 85. Kc5 Ba2 86. Kd6 Bb3 87.
Re7 Bc4 88. Kd7 Bb3 89. Re8+ Kf7 90. Re3 Bd5 91. Kd6 Bc4 92. Rc3 Ba2 93. Rc8 Bb3
94. Rb8 Bc4 95. Ra8 Bb3 96. Ra6 Bc4 97. Ra3 Kf8 98. Rh3 Ba2 99. Kc5 Be6 100. Rh7
Bb3 101. Rb7 Be6 102. Ra7 Bb3 103. Kd4 Be6 104. Ke4 Ke8 105. f4 Kf8 106. f5 Bb3
107. Ra3 Bc2+ 108. Kf4 Kg7 109. Rc3 Bb1 110. Kg4 Be4 111. Rc7+ Kf8 112. Rc5 Kg7
113. Rb5 Bd3 114. Rd5 Be4 115. Rd4 Bc2 116. Rd7+ Kf8 117. Rd2 Be4 118. Rf2 Kg7
119. Rb2 Bd3 120. Ra2 Be4 121. Ra5 Bd3 122. Ra7+ Kf8 123. Rd7 Bc2 124. Rd5 Be4
125. Rd4 Bc2 126. Rc4 Bd3 127. Rc3 Be4 128. Re3 Bc2 129. Re1 Bd3 130. Rh1 Kg7
131. Rh2 Be4 132. Re2 Bd3 133. Rg2 Be4 134. Rg3 Kf7 135. Rg1 Bd3 136. Rc1 Kg7
137. Rc3 Be4 138. Kf4 Bb1 139. Rc7+ Kf8 140. Kg4 Bd3 141. Rc3 Be4 142. Rc5 Kg7
143. Rc4 Bd3 144. Rf4 Bc2 145. Kf3 Bd3 146. Ke3 Bc2 147. Kd4 Kf7 148. Kd5 Bd3
149. Kd6 Bc2 150. Rc4 Bxf5 151. Rc7+ Kf8 1/2-1/2

[Event "Baku Open 2016"]
[Site "Baku AZE"]
[Date "2016.09.21"]
[Round "4.19"]
[White "Muradli, Mahammad"]
[Black "Fataliyeva, Ulviyya"]
[Result "1/2-1/2"]
[WhiteTitle "FM"]
[BlackTitle "WIM"]
[WhiteElo "2331"]
[BlackElo "2234"]
[WhiteFideId "13409301"]
[BlackFideId "13403052"]
[EventDate "2016.09.18"]

1. d4 e6 2. c4 Nf6 3. Nf3 d5 4. Nc3 Bb4 5. Qa4+ Nc6 6. e3 O-O 7. Qc2 Re8 8. Bd2
a5 9. a3 Bf8 10. Be2 h6 11. O-O e5 12. cxd5 Nxd5 13. Nxd5 Qxd5 14. Bc4 Qd6 15.
Bc3 exd4 16. exd4 Be6 17. Qb3 Bxc4 18. Qxc4 Red8 19. a4 Qd5 20. b3 Be7 21. Rfe1
Qxc4 22. bxc4 Bb4 23. Bxb4 axb4 24. Red1 b3 25. Kf1 b2 26. Rab1 Rxa4 27. Rxb2
Rxc4 28. Rxb7 Nxd4 29. Rxd4 Rcxd4 30. Nxd4 Rxd4 31. Rxc7 1/2-1/2

[Event "Baku Open 2016"]
[Site "Baku AZE"]
[Date "2016.09.21"]
[Round "4.20"]
[White "Abdisalimov, Abdimalik"]
[Black "Paramzina, Anastasya"]
[Result "1-0"]
[WhiteTitle "FM"]
[BlackTitle "WFM"]
[WhiteElo "2310"]
[BlackElo "2164"]
[WhiteFideId "14206323"]
[BlackFideId "4165012"]
[EventDate "2016.09.18"]

1. e4 c5 2. Ne2 d6 3. c4 Nf6 4. Nbc3 e6 5. d4 cxd4 6. Nxd4 a6 7. Be2 b6 8. O-O
Bb7 9. f3 Be7 10. Be3 O-O 11. Qd2 Nbd7 12. a4 Qc7 13. a5 Rfd8 14. Rfc1 Rac8 15.
Bf1 Qb8 16. axb6 d5 17. cxd5 exd5 18. Nxd5 Nxd5 19. exd5 Nxb6 20. Nf5 Nxd5 21.
Rxc8 Rxc8 22. Ra5 Bf6 23. Rxd5 Bxd5 24. Qxd5 Rd8 25. Qc5 Re8 26. Bd4 Bxd4+ 27.
Qxd4 Qe5 28. Qxe5 Rxe5 29. Nd6 Re6 30. Nxf7 Rb6 31. Ne5 Rxb2 32. Bxa6 Kf8 33.
Bd3 g6 34. Be4 Kg7 35. Nd3 Ra2 36. Nb4 Rb2 37. Nd5 h6 38. Nf4 g5 39. Nh5+ Kf7
40. Ng3 Kf6 41. Kf1 Ke5 42. Ne2 h5 43. h4 gxh4 44. Bg6 Kf6 45. Bxh5 Kg5 46. Bg4
Rb4 47. Bh3 Ra4 48. Kf2 Ra3 49. f4+ Kf6 50. Bg4 1-0

[Event "Baku Open 2016"]
[Site "Baku AZE"]
[Date "2016.09.21"]
[Round "4.21"]
[White "Mammadova, Narmin"]
[Black "Mamedjarova, Turkan"]
[Result "1/2-1/2"]
[WhiteTitle "WIM"]
[BlackTitle "WGM"]
[WhiteElo "2230"]
[BlackElo "2304"]
[WhiteFideId "13403710"]
[BlackFideId "13402005"]
[EventDate "2016.09.18"]

1. e4 e5 2. Nf3 Nf6 3. Nc3 Nc6 4. Be2 Be7 5. O-O O-O 6. d4 exd4 7. Nxd4 d5 8.
exd5 Nxd5 9. Nxc6 bxc6 10. Bf3 Be6 11. Nxd5 cxd5 12. c4 c6 13. cxd5 Bxd5 1/2-1/2

[Event "Baku Open 2016"]
[Site "Baku AZE"]
[Date "2016.09.21"]
[Round "4.22"]
[White "Khalafova, Narmin"]
[Black "Gadimbayli, Abdulla"]
[Result "1/2-1/2"]
[WhiteTitle "WIM"]
[BlackTitle "FM"]
[WhiteElo "2219"]
[BlackElo "2294"]
[WhiteFideId "13402625"]
[BlackFideId "13404938"]
[EventDate "2016.09.18"]

1. e4 e6 2. d4 d5 3. Nd2 Nf6 4. e5 Nfd7 5. f4 c5 6. Ngf3 Nc6 7. Nb3 c4 8. Nbd2
b5 9. Be2 Be7 10. Nf1 O-O 11. Ne3 Qa5+ 12. c3 b4 13. Qc2 f6 14. O-O Rb8 15. Bd2
Qc7 16. Kh1 a5 17. Rab1 a4 18. g4 Bb7 19. Rg1 Qb6 20. exf6 Nxf6 21. f5 b3 22.
axb3 axb3 23. Qd1 e5 24. g5 exd4 25. cxd4 Nxd4 26. gxf6 Bxf6 1/2-1/2

[Event "Baku Open 2016"]
[Site "Baku AZE"]
[Date "2016.09.21"]
[Round "4.23"]
[White "Abdulla, Khayala"]
[Black "Bagheri, Maziar"]
[Result "0-1"]
[WhiteTitle "WGM"]
[WhiteElo "2214"]
[BlackElo "2361"]
[WhiteFideId "13401807"]
[BlackFideId "12530913"]
[EventDate "2016.09.18"]

1. e4 e5 2. Nf3 Nc6 3. Bb5 a6 4. Ba4 Nf6 5. d3 b5 6. Bb3 Be7 7. O-O O-O 8. Re1
d6 9. c3 Na5 10. Bc2 c5 11. Nbd2 Qc7 12. Nf1 h6 13. Ng3 Re8 14. h3 Bd7 15. Nh2
Nh7 16. Ng4 Bg5 17. Bxg5 hxg5 18. Ne3 g6 19. d4 Rad8 20. Nd5 Qb7 21. Nf1 exd4
22. cxd4 Nc6 23. dxc5 dxc5 24. Qf3 Qb8 25. Qc3 Ne5 26. Qxc5 Rc8 27. Ne7+ Rxe7
28. Qxe7 Rxc2 29. Rad1 Nf8 30. Ne3 Rc8 31. Qxg5 Be6 32. f4 Nc6 33. f5 Bxa2 34.
fxg6 Nxg6 35. Ng4 Qf4 36. Nf6+ Kf8 37. Qc5+ Nce7 38. Qd4 Qc7 39. Nh5 Ne5 40. Qd2
Qb6+ 41. Kh1 Bb3 42. Qg5 N7g6 43. Rc1 Rd8 44. Rf1 Bc4 45. Rf6 Rd6 46. b3 Be6 47.
Rcf1 Bxb3 48. R6f5 Qd4 49. Nf6 Rxf6 50. Rxf6 Qxe4 51. Rxa6 Bd5 52. Rd6 Kg7 53.
Qg3 Be6 54. Re1 Qf5 55. Rb6 Nd3 56. Re3 Qf1+ 57. Kh2 Nf2 58. Qg5 Qh1+ 59. Kg3
Nxh3 0-1

[Event "Baku Open 2016"]
[Site "Baku AZE"]
[Date "2016.09.21"]
[Round "4.24"]
[White "Zherebtsova, Alexandra"]
[Black "Orujov, Shujaat"]
[Result "0-1"]
[WhiteTitle "WFM"]
[WhiteElo "2159"]
[BlackElo "2260"]
[WhiteFideId "24129518"]
[BlackFideId "13403613"]
[EventDate "2016.09.18"]

1. d4 Nf6 2. Nf3 g6 3. g3 Bg7 4. Bg2 O-O 5. O-O d6 6. a4 c6 7. Nbd2 Bf5 8. Re1
d5 9. Nh4 Be6 10. Nb3 Na6 11. Bf4 Ne4 12. Nf3 h6 13. Ne5 g5 14. Be3 Nd6 15. Qc1
Nf5 16. Nd3 Nxe3 17. Qxe3 Qd6 18. c3 Bf5 19. Red1 Nb8 20. f4 gxf4 21. gxf4 Nd7
22. Nd2 Nf6 23. Ne5 Ng4 24. Nxg4 Bxg4 25. Nf3 Kh7 26. Ne5 Bf5 27. Kh1 Rg8 28.
Rg1 Qe6 29. Qf2 Bf6 30. e3 Rg7 31. Bf3 Rag8 32. Rxg7+ Rxg7 33. Rg1 Rxg1+ 34.
Kxg1 Bxe5 35. fxe5 Bg6 36. Bd1 Qh3 37. a5 Kg7 38. Qf4 b6 39. axb6 axb6 40. Bf3
Qc8 41. Kg2 Qa6 42. e6 fxe6 43. Qc7 Kf7 44. Qxc6 Qd3 45. Qxb6 Qd2+ 46. Kg3 Qxe3
47. Kg2 Qd2+ 48. Kg3 Qe1+ 49. Kg2 Bd3 50. Bh5+ Kf6 51. Qb8 Bf1+ 52. Kf3 Qe2+ 0-1

[Event "Baku Open 2016"]
[Site "Baku AZE"]
[Date "2016.09.21"]
[Round "4.25"]
[White "Aliyev, Ravan"]
[Black "Derakhshani, Borna"]
[Result "1/2-1/2"]
[BlackTitle "FM"]
[WhiteElo "2225"]
[BlackElo "2244"]
[WhiteFideId "13409980"]
[BlackFideId "12518450"]
[EventDate "2016.09.18"]

1. d4 g6 2. c4 Bg7 3. Nc3 d6 4. Nf3 Bg4 5. Bf4 Nd7 6. h3 Bxf3 7. exf3 c5 8. dxc5
Nxc5 9. Qd2 Rc8 10. Be2 Qa5 11. Rc1 h5 12. O-O Ne6 13. Be3 Nh6 14. Bd3 Nf5 15.
Bxf5 gxf5 16. Qd5 Bxc3 17. Rxc3 1/2-1/2

[Event "Baku Open 2016"]
[Site "Baku AZE"]
[Date "2016.09.21"]
[Round "4.26"]
[White "Fendereski, Nima"]
[Black "Soyunlu, Narmin"]
[Result "1-0"]
[WhiteElo "2238"]
[BlackElo "2095"]
[WhiteFideId "12533807"]
[BlackFideId "13400843"]
[EventDate "2016.09.18"]

1. e4 e6 2. d4 d5 3. Nc3 Nf6 4. e5 Nfd7 5. f4 c5 6. Nf3 Nc6 7. Be3 Be7 8. Qd2
O-O 9. dxc5 Bxc5 10. O-O-O Qa5 11. a3 Bxe3 12. Qxe3 Rb8 13. Bd3 f6 14. exf6 Nxf6
15. Ne5 Rd8 16. Qh3 Qc7 17. Rde1 b5 18. g4 b4 19. Nxc6 Qxc6 20. g5 e5 21. Qh4 e4
22. gxf6 Bf5 23. Bb5 Qc7 24. Rhg1 g6 25. axb4 d4 26. Nxe4 d3 27. Bxd3 Rxd3 28.
f7+ Kg7 29. Qf6+ Kf8 30. Qh8+ Ke7 31. Nc5+ 1-0

[Event "Baku Open 2016"]
[Site "Baku AZE"]
[Date "2016.09.22"]
[Round "5.1"]
[White "Sjugirov, Sanan"]
[Black "Abasov, Nijat"]
[Result "1/2-1/2"]
[WhiteTitle "GM"]
[BlackTitle "GM"]
[WhiteElo "2653"]
[BlackElo "2552"]
[WhiteFideId "4189302"]
[BlackFideId "13402960"]
[EventDate "2016.09.18"]

1. d4 Nf6 2. c4 e6 3. Nc3 d5 4. cxd5 exd5 5. Bg5 Be7 6. e3 Nbd7 7. Bd3 Nf8 8.
Nge2 Ne6 9. Bh4 O-O 10. O-O c6 11. b4 g5 12. Bg3 Bxb4 13. Qc2 Re8 14. f3 h6 15.
Rad1 Bf8 16. Be5 Bg7 17. Ng3 Nf8 18. h3 Bd7 19. Bf5 h5 20. Bxd7 N8xd7 21. f4 g4
22. Nf5 Re6 23. e4 dxe4 24. Nxe4 Nxe5 25. dxe5 Qb6+ 26. Kh1 Nxe4 27. Qxe4 Rae8
28. Nd6 Rf8 29. Qf5 Qe3 30. Rfe1 Qa3 31. Nxf7 Qe7 32. Qxh5 Qxf7 33. Qxg4 Kh8 1/2-1/2

[Event "Baku Open 2016"]
[Site "Baku AZE"]
[Date "2016.09.22"]
[Round "5.2"]
[White "Lenderman, Aleksandr"]
[Black "Bogdanovich, Stanislav"]
[Result "1/2-1/2"]
[WhiteTitle "GM"]
[BlackTitle "IM"]
[WhiteElo "2600"]
[BlackElo "2591"]
[WhiteFideId "2021285"]
[BlackFideId "14115298"]
[EventDate "2016.09.18"]

1. d4 d5 2. c4 dxc4 3. e3 Nf6 4. Bxc4 e6 5. Nf3 c5 6. O-O Nc6 7. Qe2 a6 8. Rd1
Qc7 9. Bb3 Be7 10. dxc5 Bxc5 11. Bd2 O-O 12. Nc3 Bd7 13. Rac1 Bd6 14. e4 Ng4 15.
h3 Nge5 16. Nxe5 Bxe5 17. Be3 Rfd8 18. Bg5 Rdc8 19. Be3 Be8 20. Nd5 exd5 21.
exd5 Qe7 22. dxc6 Bxc6 23. Bf4 Bf6 24. Qxe7 Bxe7 25. Bd5 Bxd5 26. Rxc8+ Rxc8 27.
Rxd5 Rd8 28. Rxd8+ Bxd8 29. Kf1 f5 30. Ke2 Bf6 31. b3 Kf7 32. Kd3 b5 33. Be3 g6
34. Bd4 Bh4 35. Be3 Bf6 36. Bd4 Bd8 37. a4 Ke6 38. axb5 axb5 39. f3 Kd5 40. Be3
Bf6 41. Bf2 Bg7 1/2-1/2

[Event "Baku Open 2016"]
[Site "Baku AZE"]
[Date "2016.09.22"]
[Round "5.3"]
[White "Artemiev, Vladislav"]
[Black "Iskandarov, Misratdin"]
[Result "1-0"]
[WhiteTitle "GM"]
[BlackTitle "IM"]
[WhiteElo "2663"]
[BlackElo "2423"]
[WhiteFideId "24101605"]
[BlackFideId "13400312"]
[EventDate "2016.09.18"]

1. Nf3 c5 2. c4 Nc6 3. Nc3 Nf6 4. e3 e6 5. d4 d5 6. cxd5 Nxd5 7. Bd3 Be7 8. O-O
cxd4 9. exd4 O-O 10. Re1 Nf6 11. a3 b6 12. Bg5 Bb7 13. Bc2 Rc8 14. Qd3 g6 15.
Rad1 Nd5 16. Bh6 Re8 17. Ba4 a6 18. Ne4 b5 19. Bb3 Na5 20. Ne5 Nxb3 21. Qxb3 Nf6
22. Ng5 Qd5 23. Qh3 Rc2 24. Ngxf7 Rxb2 25. Be3 Bf8 26. Rc1 Rc8 27. Ng5 Rbc2 28.
Ng4 Nh5 29. Rxc2 Rxc2 30. Nxe6 Qf5 31. Nxf8 Kxf8 32. Bh6+ Kf7 33. Qe3 1-0

[Event "Baku Open 2016"]
[Site "Baku AZE"]
[Date "2016.09.22"]
[Round "5.4"]
[White "Lupulescu, Constantin"]
[Black "Golubov, Saveliy"]
[Result "1/2-1/2"]
[WhiteTitle "GM"]
[BlackTitle "IM"]
[WhiteElo "2618"]
[BlackElo "2481"]
[WhiteFideId "1207822"]
[BlackFideId "24176729"]
[EventDate "2016.09.18"]

1. d4 Nf6 2. c4 g6 3. Nc3 Bg7 4. e4 d6 5. f3 O-O 6. Nge2 c5 7. d5 e6 8. Ng3 exd5
9. cxd5 a6 10. a4 Nfd7 11. Be3 Ne5 12. Be2 h5 13. O-O h4 14. Nh1 f5 15. Qd2 fxe4
16. Nxe4 Nf7 17. Nhf2 Bf5 18. Rab1 Nd7 19. a5 b5 20. axb6 Nxb6 21. b4 cxb4 22.
Rxb4 Nd7 23. Ra4 a5 24. Qa2 Nb6 25. Rxa5 Nxd5 26. Rxa8 1/2-1/2

[Event "Baku Open 2016"]
[Site "Baku AZE"]
[Date "2016.09.22"]
[Round "5.5"]
[White "Rasulov, Vugar"]
[Black "Idani, Pouya"]
[Result "1/2-1/2"]
[WhiteTitle "GM"]
[BlackTitle "GM"]
[WhiteElo "2487"]
[BlackElo "2543"]
[WhiteFideId "13402390"]
[BlackFideId "12510130"]
[EventDate "2016.09.18"]

1. d4 Nf6 2. Nf3 e6 3. g3 b5 4. Bg2 Bb7 5. O-O Be7 6. Nbd2 O-O 7. c4 bxc4 8.
Nxc4 c5 9. dxc5 Bxc5 10. Bf4 d5 11. Nce5 Ne4 12. Nd3 Bb6 13. Nd2 Nd6 14. Rc1 Qe7
15. Bxd6 Qxd6 16. Nc4 Qd8 17. Nxb6 axb6 18. a3 Nc6 19. e4 Na5 20. exd5 Bxd5 21.
Ne5 Bxg2 22. Kxg2 Qb8 23. Re1 Qb7+ 24. Qf3 Qxf3+ 25. Kxf3 Nb3 26. Rcd1 Rfd8 27.
Ke3 Rac8 28. Nc4 b5 29. Nd6 Rc5 30. Ne4 Rcd5 31. Nc3 Rd2 32. Rxd2 Nxd2 33. Rd1
Nc4+ 34. Ke2 Rb8 35. Rd4 Nxb2 36. Nxb5 Kf8 37. Na7 Ra8 38. Nc6 Rc8 39. Rb4 Rxc6
40. Rxb2 Ra6 41. Ra2 Ke7 42. Kd3 Kd6 43. Kc4 Kc6 44. a4 Ra5 45. Kb4 Rd5 46. a5
Rb5+ 47. Ka4 Rd5 48. Rb2 Rd4+ 49. Rb4 Rd2 50. Rf4 1/2-1/2

[Event "Baku Open 2016"]
[Site "Baku AZE"]
[Date "2016.09.22"]
[Round "5.6"]
[White "Mammadov, Zaur"]
[Black "Bajarani, Ulvi"]
[Result "1/2-1/2"]
[WhiteTitle "GM"]
[BlackTitle "GM"]
[WhiteElo "2437"]
[BlackElo "2509"]
[WhiteFideId "13401033"]
[BlackFideId "13403028"]
[EventDate "2016.09.18"]

1. e4 e6 2. d4 d5 3. e5 c5 4. c3 Nc6 5. Nf3 Qb6 6. Be2 cxd4 7. cxd4 Nh6 8. Nc3
Nf5 9. Na4 Qa5+ 10. Nc3 Qb6 11. Na4 Bb4+ 12. Kf1 Qc7 13. g4 Nh6 14. h3 Bd7 15.
Kg2 Be7 16. Be3 O-O 17. Rc1 f6 18. exf6 Rxf6 19. g5 Rxf3 20. Bxf3 Nf5 21. h4 Rf8
22. Qd2 Qd8 23. Nc3 Bd6 24. Ne2 Qe7 25. Ng3 Qf7 26. Nxf5 Qxf5 27. Qe2 Ne7 28.
Bg4 Qf7 29. Rh3 Nf5 30. Kg1 Qe8 31. Rc2 Bb5 32. Qd1 Ba4 33. b3 Bd7 34. Bc1 Ne7
35. Rf3 Ng6 36. Rxf8+ Qxf8 37. Qe1 Nxh4 38. Bxe6+ Kh8 39. Bxd7 Nf3+ 40. Kf1 Nxe1
41. Rc8 Qxc8 42. Bxc8 Nd3 43. Bd2 b6 44. Ke2 Nf4+ 45. Ke3 Ng6 46. Kf3 Ne7 47.
Be6 Ba3 48. Bf4 Bb2 49. Bd6 Nc6 50. Bxd5 Nxd4+ 51. Ke4 Nb5 52. Be5 Bxe5 53. Kxe5
Nc3 54. Bc4 Nxa2 55. f4 g6 56. Kd6 Kg7 57. Kc6 Nc3 58. b4 h5 59. gxh6+ Kxh6 60.
b5 g5 1/2-1/2